000 03475cam a22011894i 4500
003 PE-LiUPU
005 20250813185452.0
008 150623s r 000 0 d
035 _a(Sirsi) a27264
040 _aPE-LiUPU
_bspa
_cPE-LiUPU
_erda
110 2 _aInstituto Cuanto (Lima)
245 1 3 _aEl medio ambiente en el Perú Año 2002 /
_cStefan Austermuhle.
264 1 _aLima :
_bInstituto Cuanto,
_c2003.
300 _a626 páginas ;
_c27 cm.
336 _atext
_2rdacontent
337 _aunmediated
_2rdamedia
338 _avolume
_2rdacarrier
505 0 _aTendencias ambientales: Agua dulce y zona marino-costera.- Ambiente urbano.- Desastres.- Diversidad biológoca.- Energía. Gestión ambiental.- Legislación ambiental. -Sueldos.- Calidad del aire y protección de la atmósfera.- Contaminación del aire.- Mitigación de emisiones.- Cambio climático.- Ozono. Guía de fuentes de información estadística ambiental: Guía de fuentes de información estadística ambiental. Directorio de instituciones relacionadas con el medio ambiente.
526 _aP202
526 _aP201
526 _aP163
526 _aP162
526 _aP161
526 _aP160
526 _aP148
526 _aP147
526 _aP146
526 _aP145
526 _aP144
526 _aP143
526 _aP142
526 _aP141
526 _aP140
526 _aP139
526 _aP138
526 _aP137
526 _aP136
526 _aP135
526 _aP134
526 _aP133
526 _aP129
526 _aP128
526 _aP127
526 _aP120
526 _aP119
526 _aP118
526 _aP116
526 _aP115
526 _aP114
526 _aP110
526 _aP109
526 _aP108
526 _aP104
526 _aP103
526 _aP102
526 _aP99
526 _aP98
526 _aP97
526 _aP96
526 _aP95
526 _aP93
526 _aP90
526 _aP89
526 _aP88
526 _aP83
526 _aP82
526 _aP62
526 _aP59
526 _aP58
526 _aP57
526 _aP51
526 _aP49
526 _aP48
526 _aP47
526 _aP29
526 _aP24
526 _aP20
526 _aP19
526 _aP17
526 _aP15
526 _aP14
526 _aP12
526 _aP10
526 _aP09
526 _aP08
526 _aP07
526 _aP06
526 _aP05
526 _aP04
526 _aP01
650 0 4 _aMedio ambiente
_zPerú
_vEstadística.
650 0 4 _aProtección del medio ambiente.
650 0 4 _aPantanos de villa
_xContaminación ambiental.
942 _2ddc
_cBOOK
949 _a363.7 I59
_wDEWEY
_c1
_i52559
_lCCODEBUL1
_mBUL
_p00.00
_r0
_sY
_tBOOK
_u2015-06-24
_xBIBLIOTECA
_zUNKNOWN
_0COMPRA
_o.STAFF. Colección General
949 _a363.7 I59
_wDEWEY
_c2
_i55575
_lCCODEBUL1
_mBUL
_p25.00
_r0
_sY
_tBOOK
_u2015-06-24
_xBIBLIOTECA
_zUNKNOWN
_0COMPRA
_o.STAFF. Colección General
596 _a1
999 _a363.7 I59
_wDEWEY
_c34385
_i52559
_d34385
_f2019-12-10
_g4
_lDISCARD
_mBUL
_q1
_r1
_sY
_tBOOK
_u2015-6-24
_xEDUCACION
_zUNKNOWN
_0COMPRA
_o.STAFF. Colección General
999 _a363.7 I59
_wDEWEY
_c2
_i55575
_d2016-10-11
_e2016-10-4
_f2021-11-8
_g5
_lCCODEBUL1
_mBUL
_n1
_p25.00
_r0
_sY
_tBOOK
_u2015-6-24
_xEDUCACION
_zUNKNOWN
_0COMPRA
_o.STAFF. Colección General
980 _81
_gALBERTO SANCHEZ Responsable de Automatización